| 000 | 00412 a2200133 4500 | ||
|---|---|---|---|
| 001 | 91396 | ||
| 082 | _aPR 1291 | ||
| 090 |
_c43526 _d43525 |
||
| 100 | _aShoaib Salamat; Prof Juzer Ali Basrai and Salim-UR-Rehman (Advisors) | ||
| 245 |
_aStudy and Analysis of the Canopy Shattering Problem of K-8 Aircraft _n49 "A" EC |
||
| 260 |
_aKarachi _bNED University _c1998 |
||
| 300 | _a70p | ||
| 500 | _aBE Project Reports | ||
| 942 |
_aCAE NUST _kPR-1291 |
||
| 999 |
_c326469 _d326469 |
||